[Event "Rheinland Pfalz op 5th"]
[Site "Worms"]
[Date "2013.05.31"]
[Round "3"]
[White "Jessl, Ingo"]
[Black "Haffner, Ernst Georg"]
[Result "0-1"]
[WhiteElo "1528"]
[BlackElo "1857"]
[PlyCount "68"]
[EventDate "2013.05.30"]
[EventType "swiss"]
[EventRounds "7"]
[EventCountry "GER"]
[SourceTitle "EXT 2014"]
[Source "ChessBase"]
[SourceDate "2013.11.20"]
[SourceVersion "1"]
[SourceVersionDate "2013.11.20"]
[SourceQuality "1"]

1. d4 c5 2. d5 Nf6 3. c4 e6 4. Nc3 d6 5. Nf3 exd5 6. cxd5 g6 7. Nd2 Bg7 8. e4 0-0 9. Be2 Na6 10. 0-0 Nc7 11. a4 a6 12. Nc4 Rb8 13. a5 Nb5 14. Nxb5 axb5 15. Nd2 Bd7 16. Qb3 b6 17. a6 b4 18. f4 b5 19. a7 Ra8 20. Bf3 Qb6 21. Kh1 Rxa7 22. Rxa7 Qxa7 23. e5 Ng4 24. Bxg4 Bxg4 25. Qg3 Bf5 26. Re1 c4 27. Nf3 Qc5 28. e6 Qxd5 29. e7 Re8 30. Ng5 h6 31. Nf3 Bf6 32. Nh4 Rxe7 33. Rxe7 Bxe7 34. Nxf5 Qd1+ 0-1